000 00680nam a2200193 i 4500
001 82373
003 ES-MaACL
005 20250810001135.0
007 t|
008 041110s1956 sp ||||1| spa d
100 1 _aYbarra y Bergé, Javier de.
_964964
245 1 3 _aLa tumba de Lope García de Salazar en San Martín de Muñatones /
_cJavier de Ibarra y Bergé, E. Calle Iturrino.
260 _a[Bilbao] :
_bJunta de Cultura de Vizcaya,
_c[1956] (
_fNore)
300 _a60 p., 2 lám. ;
_c22 cm.
600 1 7 _aGarcía de Salazar, Lope,
_d1399-1476
_2
_9168564
700 1 _aCalle Iturrino, Esteban.
_933706
852 _aES-MaACL
_j1950-F-31
_bR.40041
999 _c82373
_d82373